| 000 | 00868nam a2200217Ia 4500 | ||
|---|---|---|---|
| 001 | 11295 | ||
| 003 | GE_BSU | ||
| 008 | 181216s||||||||xx |||||||||||||| ||und|| | ||
| 040 | _cGE_BSU | ||
| 080 | _a634.8(479.223) | ||
| 100 | _aბერიძე კირილე | ||
| 245 | _aმევენახეობა და მისი განვითარების პერსპექტივები აჭარაში | ||
| 245 | _cრედ: მ. კახათელიძე | ||
| 260 | _aბათუმი | ||
| 260 | _bსაბჭოთა აჭარა | ||
| 260 | _c1975 | ||
| 300 | _a125გვ.20სმ. | ||
| 300 | _eდანართი გვ.125 | ||
| 653 | _aმევენახეობა და მისი განვითარების პერსპექტივები აჭარაში | ||
| 942 | _cBK | ||
| 999 |
_c44497 _d44497 |
||